La literatura y el lector /

Guardado en:
Autor Principal: Nisin, Arthur
Formato: Libro
Publicado: Buenos Aires : Nova S. A., 1962
Materias:
Etiquetas: Agregar Etiqueta
Sin Etiquetas, Sea el primero en etiquetar este registro!
LEADER 00483nam a22001815a 4500
001 CEM.cems008661
005 20060214000000.0
008 130507s1962##################000#0#####d
003 CEMS
082 0 4 |a 808 
100 1 |a Nisin, Arthur 
245 1 0 |a La literatura y el lector / 
260 |a Buenos Aires :  |b Nova S. A.,  |c 1962 
300 |a 183 p. 
653 |a Critica literaria 
653 |a Literatura 
653 |a Poesia-teoria 
859 |a CEMS  |b BIB. CEMS - 11 de abril  |h 808  |i N633  |p 18075.95  |t Ej.1